2025 NHL Draft Round 1 - Statistics

General Stats
  • This quiz has been taken 18 times
  • The average score is 16 of 32
Answer Stats
Pick Team Position 24-25 Team / League Answer % Correct
1 NYI LD Erie Otters (OHL) Matthew Schaefer
100%
3 CHI C Djurgardens IF (HockeyAllsvenskan) Anton Frondell
87%
2 SJS C Saginaw Spirit (OHL) Michael Misa
87%
5 NSH C Soo Greyhounds (OHL) Brady Martin
80%
7 BOS C Boston College (NCAA) James Hagens
80%
9 BUF RD Seattle Thunderbirds (WHL) Radim Mrtka
73%
17 NYI LD Barrie Colts (OHL) Kashawn Aitcheson
67%
6 PHI RW Brampton Steelheads (OHL) Porter Martone
67%
10 ANA RW Brandon Wheat Kings (WHL) Roger McQueen
67%
16 NYI LW Djurgardens IF (HockeyAllsvenskan) Victor Eklund
67%
4 UTA C Moncton Wildcats (QMJHL) Caleb Desnoyers
60%
14 CBJ LD Tri-City Americans (WHL) Jackson Smith
60%
15 VAN C Seattle Thunderbirds (WHL) Braeden Cootes
53%
13 DET C Everett Silvertips (WHL) Carter Bear
53%
8 SEA C Brantford Bulldogs (OHL) Jake O'Brien
53%
19 STL RW Blainville-Boisbriand Armada (QMJHL) Justin Carbonneau
53%
22 PIT LW Rouyn-Noranda Huskies (QMJHL) Bill Zonnon
47%
18 CGY C Victoria Royals (WHL) Cole Reschny
47%
12 PHI C Windsor Spitfires (OHL) Jack Nesbitt
47%
11 PIT RW Calgary Hitmen (WHL) Benjamin Kindel
40%
21 NSH LD Kitchener Rangers (OHL) Cameron Reid
40%
32 CGY C Arizona State University (NCAA) Cullen Potter
33%
30 SJS G Prince George Cougars (WHL) Joshua Ravensbergen
33%
23 OTT RD University of Wisconsin (NCAA) Logan Hensler
33%
27 WSH LW Moose Jaw Warriors (WHL) Lynden Lakovic
33%
29 CHI C Edina High (USHS-MN) Mason West
33%
20 CBJ G Krasnaya Armiya Moskva (MHL) Pyotr Andreyanov
33%
24 PIT C U.S. National U18 Team (NTDP) William Horcoff
33%
25 CHI RW Muskegon Lumberjacks (USHL) Vaclav Nestrasil
27%
31 LAK RD London Knights (OHL) Henry Brzustewicz
20%
26 NSH RW Madison Capitols (USHL) Ryker Lee
13%
28 WPG LD Boston University Sascha Boumidienne
7%
No matching quizzes found
Score Distribution
Percent of People with Each Score
Percentile by Number Answered
Your Score History
You have not taken this quiz